000 00702nam a22002057a 4500
003 BUBTL
008 200722b xxu||||| |||| 00| 0 eng d
020 _a984-300-000975-5
082 _a336.24095492/SHB
100 _aShil, Nikhil Chandra
_93293
245 _aBangladesh Income Tax / Theory and Practice
_bNikhil Chandra Shil, Mohammad zakaria Masud and Mohammad Faridul Alam
250 _a8th
260 _aDhaka
_bSams Publcation
_cc 2014
300 _a704p . :
_bill . ; 23cm .
650 _aAccounting
_93294
700 _aNikhil Chandra Shil, and Mohammad Zakaria Masud and Mohammad Faridul Alam
_93295
856 _k0
_l0
_yDownload
942 _2ddc
_cBK
999 _c6320
_d6320